Studies in Islamic Law: (Record no. 613290)
[ view plain ]
| 000 -LEADER | |
|---|---|
| fixed length control field | 00390nam a22001457a 4500 |
| 020 ## - INTERNATIONAL STANDARD BOOK NUMBER | |
| International Standard Book Number | 9789699988332 |
| 082 ## - DEWEY DECIMAL CLASSIFICATION NUMBER | |
| Classification number | 340.59 |
| Author Mark | BHA |
| 100 ## - MAIN ENTRY--PERSONAL NAME | |
| Personal name | Bhatia, H.S. |
| 245 ## - TITLE STATEMENT | |
| Title | Studies in Islamic Law: |
| Remainder of title | Religion and Society / |
| Statement of responsibility, etc. | H.S. Bhatia |
| 260 ## - PUBLICATION, DISTRIBUTION, ETC. | |
| Place of publication, distribution, etc. | Lahore : |
| Name of publisher, distributor, etc. | Peace Publications, |
| Date of publication, distribution, etc. | 2017. |
| 300 ## - PHYSICAL DESCRIPTION | |
| Extent | 445 p. |
| 563 ## - BINDING INFORMATION | |
| Binding note | HB. |
| 650 ## - SUBJECT ADDED ENTRY--TOPICAL TERM | |
| Topical term or geographic name entry element | Law, Islamic Law |
| 942 ## - ADDED ENTRY ELEMENTS (KOHA) | |
| Source of classification or shelving scheme | |
| Koha item type | Book |
| 650 ## - SUBJECT ADDED ENTRY--TOPICAL TERM | |
| -- | 128082 |
| Withdrawn status | Lost status | Source of classification or shelving scheme | Damaged status | Not for loan | Permanent Location | Current Location | Date acquired | Total Checkouts | Full call number | Barcode | Date last seen | Date last checked out | Price effective from | Koha item type |
|---|---|---|---|---|---|---|---|---|---|---|---|---|---|---|
| NUST Law School (NLS) | NUST Law School (NLS) | 03/12/2025 | 1 | 340.59 BHA | NLS-1176 | 10/16/2025 | 07/04/2025 | 03/12/2025 | Book | |||||
| NUST Law School (NLS) | NUST Law School (NLS) | 03/12/2025 | 340.59 BHA | NLS-1177 | 03/12/2025 | 03/12/2025 | Book | |||||||
| NUST Law School (NLS) | NUST Law School (NLS) | 03/12/2025 | 340.59 BHA | NLS-1178 | 03/12/2025 | 03/12/2025 | Book | |||||||
| NUST Law School (NLS) | NUST Law School (NLS) | 04/23/2025 | 340.59 BHA | NLS-1712 | 04/23/2025 | 04/23/2025 | Book | |||||||
| NUST Law School (NLS) | NUST Law School (NLS) | 04/23/2025 | 340.59 BHA | NLS-1713 | 04/23/2025 | 04/23/2025 | Book | |||||||
| NUST Law School (NLS) | NUST Law School (NLS) | 04/23/2025 | 340.59 BHA | NLS-1714 | 04/23/2025 | 04/23/2025 | Book |
